000 00650nam a2200229Ia 4500
003 OSt
005 20220926005106.0
006 a|||||r|||| 00| 0
007 ta
008 220923b |||||||| |||| 00| 0 eng d
020 _a9788132109020
037 _cGeneral Book
040 _aRTL
_cRTL
_beng
041 _2eng
_aeng
082 _aY:434.2.P, Q2
100 _aRANGNEKAR D K
_938384
245 0 _aPolitics of poverty
_b Planning India's development.
260 _a New Delhi
_bSage Publications
_c2012
300 _axxvi, 256p.
_ccm.
942 _hY:434.2.P, Q2
_cGB
_2CC
999 _c612969
_d612969